000 00568nam a2200193Ia 4500
005 20250508165941.0
008 008 250505s9999 xx 000 0 hin d
037 _aDissertations
040 _aFEDL
_beng
_cFEDL
041 _ahin
_2eng
084 _a371.77, CHA/DI
_qFEDL
100 _aChaudhary Jaynath
_9782507
245 0 _aVidyalaya surksha: Pokso adhiniyam ka ek aalochnatmak adhyayan
260 _c2018
300 _a162p.
546 _aM.Ed. Dissertation (Delhi University)
942 _cDIS
_h371.77, CHA/DI
999 _c1398380
_d1398380